Magyarország történeti statisztikai helységnévtára 2 Veszprém megye

Bibliographic Details
Other Authors: Kovacsics, József (kor)
Format: Book
Language:Hungarian
PhysicalDescription:295 s. 28 cm
Published: Budapest Központi Statisztikai Hivatal 1991
ISBN:963 7070 25 7
963 7070 14 1
Subjects:

MARC

LEADER 00000nam a2200000 a 4500
001 vtls001179602
003 SK-MaSNL
005 20260302064850.0
008 251124s1991 HU 0 hun
020 |a 963 7070 25 7 
020 |a 963 7070 14 1  |q (sub.) 
035 |a SNK000122604 
040 |a SNK  |b slo  |c SNK  |e AACR2 
044 |a HU 
080 |a 809.451.1-311.1(091)  |2 1981 
080 |a 908.439-35:31  |2 1981 
245 1 |a Magyarország történeti statisztikai helységnévtára  |n 2  |p Veszprém megye  |c [szerkesztette Kovacsics József] 
260 |a Budapest  |b Központi Statisztikai Hivatal  |c 1991 
300 |a 295 s.  |c 28 cm 
650 0 7 |a ojkonymá  |2 SNKPH  |9 239133 
651 7 |a Veszprém (Maďarsko : megye)  |2 SNKPHgeo  |9 174011 
655 7 |a štatistiky  |2 SNKPH  |9 70182 
700 1 |a Kovacsics, József  |4 kor  |9 455461 
919 |a 963 7070 25 7 
919 |a 963 7070 14 1 (sub.) 
999 |c 1139464  |d 1141394 
952 |t P60, <04>, [BOOK], {604}  |a SNK  |b SNK  |y VYP  |7 0  |o snkIB 69385/2  |i snkV 1177/95  |0 0  |1 0  |4 0  |d 1997-01-08  |l 0  |r 2005-01-01 00:00:00  |w 2026-02-24 
952 |t P60, <04>, [BOOK], {604}  |a SNK  |b SNK  |y VYP  |7 0  |p 17A0023626  |o snkIB 69385/2 D1  |i snkV 36/97  |0 0  |1 1  |4 0  |d 1997-01-08  |l 0  |r 2005-01-01 00:00:00  |w 2026-02-24